000 00319nam a2200121Ia 4500
008 231129s9999||||xx |||||||||||||| ||spa||
020 _a958-02-0657-0
040 _bspa
082 _a468 T143
245 0 _aTalento: Castellano y literatura
264 _aVoluntad
942 _2ddc
_cBKS
999 _c24969
_d24969